Informačné potreby používateľov účtovnej závierky bakalárska práca

Na minha lista:
Detalhes bibliográficos
Autor principal: Gáspárová, Agnesa
Autor Corporativo: Fakulta hospodárskej informatiky EU. Katedra účtovníctva a audítorstva
Outros Autores: Rybka, Lukáš
Formato: Livro
Idioma:eslovaco
Publicado em: Bratislava 2012
Tags: Adicionar Tag
Sem tags, seja o primeiro a adicionar uma tag!

MARC

LEADER 00000nbm a2200000 4500
001 0156310
005 20161109111952.3
041 0 |a slo 
044 |a SK 
245 1 0 |a Informačné potreby používateľov účtovnej závierky  |b bakalárska práca  |c Agnesa Gáspárová ; školiteľ: Lukáš Rybka 
264 1 |a Bratislava  |c 2012 
300 |a 40 s. 
100 1 |a Gáspárová, Agnesa 
700 1 |a Rybka, Lukáš 
710 2 |a Fakulta hospodárskej informatiky EU. Katedra účtovníctva a audítorstva